| 000 | 01324cam a2200349 i 4500 | ||
|---|---|---|---|
| 001 | 18543166 | ||
| 003 | NUST | ||
| 005 | 20220825112021.0 | ||
| 008 | 150326s2015 txu 000 0 eng | ||
| 010 | _a 2015001961 | ||
| 020 | _a9781618213938 (pbk.) | ||
| 038 | _aAzhar | ||
| 040 |
_aDLC _beng _cDLC _erda _dDLC |
||
| 042 | _apcc | ||
| 050 | 0 | 0 |
_aLB2351.52.U6 _bR44 2015 |
| 082 | 0 | 0 |
_a378.16160973 _223 _bRED |
| 100 | 1 |
_aReding, Colleen, _d1987- _993658 |
|
| 245 | 1 | 0 |
_aGrad's guide to graduate admissions essays : _bmore than 50 real-life admissions essays from students who gained admission to Harvard, Columbia, Stanford, Georgetown, and more _cColleen Reding. |
| 260 |
_aWaco, Tex. : _bPrufrock Press Inc., _c2015 |
||
| 300 |
_axiii, 239 pages ; _c24 cm |
||
| 336 |
_atext _btxt _2rdacontent |
||
| 337 |
_aunmediated _bn _2rdamedia |
||
| 338 |
_avolume _bnc _2rdacarrier |
||
| 563 | _aPB | ||
| 650 | 0 |
_aCollege applications _zUnited States. _993659 |
|
| 650 | 0 |
_aUniversities and colleges _zUnited States _xGraduate work _xAdmission. _951351 |
|
| 650 | 0 |
_aExposition (Rhetoric) _993660 |
|
| 650 | 0 |
_aEssay _xAuthorship. _993661 |
|
| 906 |
_a7 _bcbc _corignew _d1 _eecip _f20 _gy-gencatlg |
||
| 942 |
_2ddc _cLC |
||
| 999 |
_c590332 _d590332 |
||